000 01018nam a2200253 a 4500
001 BRCA_3790
005 20190320204427.0
008 151109s1831----fr-a######---#000-0#fre-#
041 _afre
044 _afr
050 4 _aF1213
_b.B48 1
_c1831
245 1 0 _aVoyage au Mexique
_bcontenant des notions exactes et peu connues sur la situation physique, morale et politique de ce pays ; Accompagné d´un Atlas de Vingt Planches
_cpar M. Beulloch ; Ouvrage Traduit de L´Anglais par M. Beulloch ; Précédé d´une introduction, et enrichi de pieces justificatives et de notes par John Bierley.
260 _aParís
_bLebrige Fréres
_c1831
300 _a2 v.
_bil.
_c20 cm.
500 _aEjemplar igual a C102 (v.1) y CG4 (v.2)
500 _aPrimera hoja deteriorada del lado superior
500 _aB149
650 1 4 _aViajeros ingleses
_97018
651 4 _aMéxico
_xDescripción y viajes
_9103
651 4 _aMéxico
_xPolítica y gobierno
_97019
700 1 _aBierley, John
_99875
902 _aGFM
942 _2lcc
_cB
999 _c3519
_d3519